| 000 | 00579nam a2200193Ia 4500 | ||
|---|---|---|---|
| 005 | 20230826103559.0 | ||
| 008 | 131103s9999 xx 000 0 und d | ||
| 020 | _cRs.52 | ||
| 040 | _aLoreto College | ||
| 041 | _aEnglish | ||
| 082 |
_a915.4163 _bCHA |
||
| 100 | _aChakravarty,L.N. | ||
| 245 |
_aGlimpses of the early history of Arunchal _cL.N.Chakravarty |
||
| 260 |
_aItanagar _bDirectorate of Research,Govt. of Arunachal Pradesh _c1973 (1995 printing) |
||
| 300 |
_a134,[32] p. _b ill.,tables |
||
| 650 | _aArunachal Pradesh - Geography | ||
| 850 | _aLCLIB | ||
| 942 | _cBK | ||
| 999 |
_c3532 _d54011 |
||